000 00620nam a22001817a 4500
005 20251108174821.0
008 250721s2008 xx 000 0 ara d
082 1 4 _a371.92/عاد
100 1 _aعادل، أيمن محمد
245 1 0 _aكيف تتعامل مع الأطفال ؟ الإحتياجات الخاصة الإعاقة العقلية /
264 1 _aالجيزة :
_bمكتبة النافذة،
_c2008.
300 _a119ص.
650 1 7 _aصعوبات التعلم
650 1 7 _aالتخاف العقلي
650 1 7 _aالطلاب المتخلفون عقليا
942 _2ddc
_cBK
999 _c118816
_d118816